E.T. discovers plants / (Record no. 7083)

MARC details
000 -LEADER
fixed length control field 01227nam a22002777a 4500
001 - CONTROL NUMBER
control field 7083
003 - CONTROL NUMBER IDENTIFIER
control field FISKH
005 - DATE AND TIME OF LATEST TRANSACTION
control field 20250620111051.0
008 - FIXED-LENGTH DATA ELEMENTS--GENERAL INFORMATION
fixed length control field 250620b cb ||||| |||| 00| 0 eng d
020 ## - INTERNATIONAL STANDARD BOOK NUMBER
International Standard Book Number 9780753455166
040 ## - CATALOGING SOURCE
Original cataloging agency FISKH
Language of cataloging eng
Transcribing agency FISKH
Modifying agency FISKH
050 ## - LIBRARY OF CONGRESS CALL NUMBER
Classification number QK49.S62
082 ## - DEWEY DECIMAL CLASSIFICATION NUMBER
Classification number 581.03
100 ## - MAIN ENTRY--PERSONAL NAME
Personal name Smiley, Simon
245 ## - TITLE STATEMENT
Title E.T. discovers plants /
Statement of responsibility, etc. By Simon Smiley
250 ## - EDITION STATEMENT
Edition statement First published in 2002
260 ## - PUBLICATION, DISTRIBUTION, ETC.
Place of publication, distribution, etc. New York :
Name of publisher, distributor, etc. Kingfisher ,
Date of publication, distribution, etc. 2002.
300 ## - PHYSICAL DESCRIPTION
Extent 29 pages :
Other physical details color illustrations ;
Dimensions 28 cm .
505 ## - FORMATTED CONTENTS NOTE
Formatted contents note N <br/>
520 ## - SUMMARY, ETC.
Summary, etc. Bees turn the nectar that they collect into honey. To make one teaspoonfull, they must fly an average of 109 miles (175km). E.T. discovers that burning wood is better for the planet than burning coal and oil -- as long as we replace the trees. E.T. has collected many so fascinating facts that he has to send them back to his planet to be analysed--and you can analyze them too in the Information Overload panels that border each page of this colorful exploration of the world of plants.
521 8# - TARGET AUDIENCE NOTE
Target audience note 580 <br/>
Source Lexile estimate <br/>
521 8# - TARGET AUDIENCE NOTE
Target audience note N <br/>
Source Raz-Plus <br/>
700 ## - ADDED ENTRY--PERSONAL NAME
Personal name Weber, Belinda
Relator term Project manager
942 ## - ADDED ENTRY ELEMENTS (KOHA)
Source of classification or shelving scheme Dewey Decimal Classification
Koha item type Books
Suppress in OPAC No
Holdings
Withdrawn status Lost status Source of classification or shelving scheme Damaged status Not for loan Collection Home library Current library Shelving location Date acquired Total Checkouts Full call number Barcode Date last seen Date last checked out Price effective from Koha item type
    Dewey Decimal Classification     Non-Fiction Footprints International School Library Network Toul Tom Poung Campus Footprints International School Library Network Toul Tom Poung Campus TTP Secondary Non-Fiction Bookshelves 06/20/2025 1 SMI 581.03 QK49.S62 FIS01322 12/16/2025 10/08/2025 06/20/2025 Books